| 000 | 00976nam a22002537a 4500 | ||
|---|---|---|---|
| 003 | OSt | ||
| 005 | 20250329151315.0 | ||
| 008 | 240906b ||||| |||| 00| 0 eng d | ||
| 040 | _c0 | ||
| 082 | _aDPer 621.317 Ie21 December 2022 v.37 n. 12 part 1&2. | ||
| 100 |
_a Li, Wanrong. _eauthor. _960352 |
||
| 245 |
_aA revisit to model-free control / _cWanrong Li, Huawei Yuan, Sinan Li, and Jianguo Zhu. |
||
| 260 |
_aNew York ; _bThe Institute of Electrical and Electronics Engineers, Inc., _cDecember 2022. |
||
| 300 |
_avolume 37, pages 14408-14421, _billustration. |
||
| 500 | _aIEEE Transactions on Power Electronics, v. 37 n. 12, pages 14408-14421, December 2022. | ||
| 650 | 0 |
_aBuck converter. _966059 |
|
| 650 | 0 |
_aRobustness. _966060 |
|
| 650 | 0 |
_asensitivity. _966061 |
|
| 700 |
_aLi, Wanrong. _eauthor. _960353 |
||
| 700 |
_aYuan, Huawei. _eauthor. _960354 |
||
| 700 |
_aLi, Sinan. _eauthor. _960355 |
||
| 700 |
_aZhu, Jianguo. _eauthor. _960356 |
||
| 942 |
_2ddc _cPER |
||
| 999 |
_c21391 _d21391 |
||